000 00544nam a22001937a 4500
005 20240923144054.0
008 240923b |||||||| |||| 00| 0 eng d
020 _a9780409075366
022 _a0409004480
041 _aEnglish
082 _a349 JOU
100 _lEnglish
245 _aThe Law of South Africa /
_cWA Joubert and JA Faris
250 _aSecond Edition
260 _aDurban:
_bLexisNexis,
_c2009
300 _bvii, 294 pages;
_c26 cm.
650 _aLegal practice
_bLaw
942 _cBK
_6ALISON_BN_VRIES
999 _c3066
_d3066